Österreichische Gemeinden - Rekorde - Statistiken

Allgemein
  • Dieses Quiz wurde 63 mal gespielt
  • Das Durchschnittsergebnis liegt bei 10 aus 32
Antwortstatistiken
Rekord Art der Gemeinde Wert Gemeinde % Korrekt
Einwohnerreichste Statutarstadt 1.920.949 Wien
96%
Größte Statutarstadt 414,87 km² Wien
96%
Einwohnerreichste Stadtgemeinde 50.257 Dornbirn
66%
Südlichste Statutarstadt 46° 33′ N Villach
62%
Östlichste Statutarstadt 16° 44′ O Rust
55%
Einwohnerärmste Statutarstadt 2.000 Rust
55%
Kleinste Statutarstadt 20,01 km² Rust
55%
Westlichste Stadtgemeinde 9° 31′ O Feldkirch
53%
Westlichste Statutarstadt 11° 18′ O Innsbruck
49%
Nördlichste Statutarstadt 48° 27′ N Krems an der Donau
42%
Einwohnerreichste Marktgemeinde 23.476 Lustenau
36%
Kleinste Stadtgemeinde 0,11 km² Rattenberg
34%
Einwohnerärmste Stadtgemeinde 448 Rattenberg
34%
Größte Gemeinde 466,89 km² Sölden
30%
Nördlichste Stadtgemeinde 48° 59′ N Litschau
23%
Größte Stadtgemeinde 414,14 km² Mariazell
23%
Südlichste Stadtgemeinde 46° 26′ N Ferlach
21%
Einwohnerreichste Gemeinde 13.575 Wals-Siezenheim
21%
Südlichste Marktgemeinde 46° 22′ N Eisenkappel-Vellach
19%
Kleinste Marktgemeinde 0,36 km² Matrei am Brenner
13%
Östlichste Stadtgemeinde 17° 00′ O Hainburg an der Donau
11%
Größte Marktgemeinde 300,02 km² Admont
9%
Einwohnerärmste Gemeinde 41 Gramais
9%
Südlichste Gemeinde 46° 25′ N Zell
9%
Östlichste Marktgemeinde 17° 05′ O Andau
8%
Östlichste Gemeinde 17° 09′ O Deutsch Jahrndorf
6%
Nördlichste Gemeinde 49° 01′ N Haugschlag
6%
Westlichste Marktgemeinde 9° 33′ O Frastanz
6%
Westlichste Gemeinde 9° 33′ O Meiningen
6%
Nördlichste Marktgemeinde 48° 59′ N Dobersberg
4%
Kleinste Gemeinde 1,45 km² Röns
4%
Einwohnerärmste Marktgemeinde 476 Loretto
2%
Keine übereinstimmenden Quizze gefunden
Verteilung der Resultate
Anzahl Personen mit jedem Resultat
Perzentil nach korrekt beantworteten Fragen
Ihre Resultats-Entwicklung
Sie haben dieses Quiz noch nicht gespielt